[Event "SVK-chT4 A22 1819"]
[Site "Slovakia"]
[Date "2019.02.17"]
[Round "9.2"]
[White "Zarecky, Eduard"]
[Black "Hornak, Pavol"]
[Result "1/2-1/2"]
[WhiteElo "1817"]
[BlackElo "1769"]
[PlyCount "94"]
[EventDate "2018.10.14"]
[EventType "team-tourn"]
[EventRounds "11"]
[EventCountry "SVK"]
[SourceTitle "EXT 2020"]
[Source "ChessBase"]
[SourceDate "2019.10.17"]
[SourceVersion "1"]
[SourceVersionDate "2019.10.17"]
[SourceQuality "1"]

1. d4 Nf6 2. c4 g6 3. Nf3 Bg7 4. Nc3 0-0 5. e4 d6 6. Be2 c5 7. 0-0 cxd4 8. Nxd4 Nc6 9. Nxc6 bxc6 10. Bg5 Rb8 11. Qd2 Be6 12. Rab1 Nd7 13. Bh6 Bxh6 14. Qxh6 Qa5 15. Qe3 Kg7 16. f4 Qb6 17. Qxb6 Nxb6 18. b3 f6 19. f5 Bf7 20. Rbd1 a5 21. Rd2 Nd7 22. Na4 Nb6 23. Nc3 Nd7 24. g4 g5 25. Bd1 Ne5 26. Kg2 Rh8 27. Kg3 h5 28. h3 h4+ 29. Kf2 Nd7 30. Bf3 Rhc8 31. Na4 Nb6 32. Nb2 Nd7 33. Rc1 c5 34. Na4 Nb6 35. Nc3 Kf8 36. Nb5 Be8 37. Nc3 a4 38. Bd1 Ra8 39. Ke3 Bc6 40. Rb1 Rcb8 41. Be2 Ke8 42. b4 cxb4 43. Rxb4 Nd7 44. Rdb2 Rxb4 45. Rxb4 Nc5 46. Nd5 Bxd5 47. cxd5 Kd8 1/2-1/2

[Event "SVK-chT2B 1718"]
[Site "Slovakia"]
[Date "2018.02.24"]
[Round "8.8"]
[White "Kurtulik, Andrej"]
[Black "Zarecky, Eduard"]
[Result "0-1"]
[WhiteElo "1837"]
[BlackElo "1834"]
[PlyCount "120"]
[EventDate "2017.10.28"]
[EventType "team-tourn"]
[EventRounds "11"]
[EventCountry "SVK"]
[SourceTitle "EXT 2019"]
[Source "ChessBase"]
[SourceDate "2018.10.10"]
[SourceVersion "1"]
[SourceVersionDate "2018.10.10"]
[SourceQuality "1"]
[WhiteTeam "Prievidza"]
[BlackTeam "Sala Slovan Duslo"]
[WhiteTeamCountry "SVK"]
[BlackTeamCountry "SVK"]

1. e4 e5 2. Nf3 d6 3. d4 f6 4. Bc4 Nc6 5. Nc3 Na5 6. Bxg8 Rxg8 7. dxe5 dxe5 8. Qxd8+ Kxd8 9. 0-0 Bg4 10. Nd2 Bc5 11. Na4 Bd6 12. f3 Be6 13. Rd1 Ke7 14. Nf1 Rgd8 15. Kh1 b5 16. Nc3 c6 17. a3 Nc4 18. b3 Nb6 19. Be3 Bc7 20. Bc5+ Ke8 21. Ng3 g6 22. h4 Rxd1+ 23. Rxd1 Rd8 24. h5 a5 25. hxg6 hxg6 26. Rxd8+ Bxd8 27. a4 bxa4 28. Nxa4 Nxa4 29. bxa4 Be7 30. Bb6 Bd8 31. Bf2 Be7 32. Be1 Bb4 33. Bxb4 axb4 34. Nf1 Kd7 35. Kg1 Kc7 36. a5 c5 37. Ne3 c4 38. Kf2 b3 39. cxb3 cxb3 40. Nd1 Kc6 41. Ke3 Kb5 42. Kd2 Kxa5 43. Kc3 Ka4 44. Kb2 Kb4 45. Ne3 Kc5 46. Kc3 f5 47. Nf1 Kb5 48. Nd2 Ka4 49. Kb2 f4 50. Nb1 Kb4 51. Nc3 Kc4 52. Nd5 Bxd5 53. exd5 Kxd5 54. Kxb3 e4 55. Kc3 e3 56. Kd3 g5 57. Kc3 Kc5 58. Kd3 Kb4 59. g3 Kb3 60. gxf4 gxf4 0-1

[Event "SVK-chT2B 1617"]
[Site "Slovakia"]
[Date "2016.12.04"]
[Round "6.5"]
[White "Nikel, Rastislav"]
[Black "Zarecky, Eduard"]
[Result "1-0"]
[WhiteElo "2032"]
[BlackElo "1905"]
[PlyCount "93"]
[EventDate "2016.10.08"]
[EventType "team-tourn"]
[EventRounds "11"]
[EventCountry "SVK"]
[SourceTitle "EXT 2018"]
[Source "ChessBase"]
[SourceDate "2017.10.13"]
[SourceVersion "1"]
[SourceVersionDate "2017.10.13"]
[SourceQuality "1"]
[WhiteTeam "Levice"]
[BlackTeam "Sala Slovan Duslo"]
[WhiteTeamCountry "SVK"]
[BlackTeamCountry "SVK"]

1. e4 e5 2. Nf3 d6 3. d4 exd4 4. Nxd4 Nc6 5. Nc3 Nf6 6. Bg5 Be7 7. Qd2 Nxd4 8. Qxd4 Be6 9. 0-0-0 h6 10. Bf4 a6 11. Kb1 Nh5 12. Be3 Bf6 13. Qd2 g5 14. Be2 Nf4 15. Bxf4 gxf4 16. Qxf4 Bxc3 17. bxc3 Qe7 18. Ka1 f6 19. Bh5+ Bf7 20. Bxf7+ Kxf7 21. Rd5 Rag8 22. Rhd1 Rg5 23. h4 Rxd5 24. Rxd5 Ke8 25. f3 Qg7 26. Kb2 h5 27. Qf5 Ke7 28. c4 b6 29. Rd2 Qf7 30. Kc3 Qe6 31. Qxe6+ Kxe6 32. Kd4 Rg8 33. Ke3 c6 34. Kf4 Rh8 35. a4 Rh7 36. c3 a5 37. Rb2 Rb7 38. g4 hxg4 39. fxg4 d5 40. cxd5+ cxd5 41. exd5+ Kxd5 42. Kf5 Kc4 43. Kxf6 Kxc3 44. Rb5 Rc7 45. h5 Rc4 46. h6 Rxg4 47. h7 1-0

[Event "SVK-chT4 A22 1213"]
[Site "Slovakia"]
[Date "2013.02.03"]
[Round "8.1"]
[White "Takacs, Laszlo"]
[Black "Zarecky, Eduard"]
[Result "1-0"]
[WhiteElo "2134"]
[BlackElo "1933"]
[PlyCount "67"]
[EventDate "2012.10.14"]
[EventType "team-tourn"]
[EventRounds "11"]
[EventCountry "SVK"]
[SourceTitle "EXT 2015"]
[Source "ChessBase"]
[SourceDate "2014.11.20"]
[SourceVersion "1"]
[SourceVersionDate "2014.11.20"]
[SourceQuality "1"]
[WhiteTeam "Dunajska Streda SK III"]
[BlackTeam "Trnava Modranka II"]
[WhiteTeamCountry "SVK"]
[BlackTeamCountry "SVK"]

1. e4 c5 2. Nf3 d6 3. d4 cxd4 4. Nxd4 Nf6 5. Nc3 a6 6. Be2 Nbd7 7. Be3 e5 8. Nb3 b5 9. f3 Bb7 10. 0-0 g6 11. Qd2 Bg7 12. Qxd6 Qe7 13. Qc7 Bc8 14. Qc6 Rb8 15. Ba7 0-0 16. Bxb8 Nxb8 17. Qc5 Qb7 18. Rad1 Re8 19. Na5 Qa8 20. a4 Bf8 21. Qc7 Nbd7 22. Kh1 Bc5 23. Qc6 Qa7 24. Nd5 Nxd5 25. Qxd5 Qb6 26. Nb3 Be3 27. axb5 Qf6 28. bxa6 h5 29. Bb5 Rd8 30. Rfe1 Bf4 31. Re2 Qh4 32. g3 Bxg3 33. Rg2 Bf2 34. Rxg6+ 1-0

[Event "SVK-chT4 A22 1213"]
[Site "Slovakia"]
[Date "2012.12.16"]
[Round "5.1"]
[White "Gajarsky, Roman"]
[Black "Zarecky, Eduard"]
[Result "1-0"]
[WhiteElo "1873"]
[BlackElo "1933"]
[PlyCount "41"]
[EventDate "2012.10.14"]
[EventType "team-tourn"]
[EventRounds "11"]
[EventCountry "SVK"]
[SourceTitle "EXT 2015"]
[Source "ChessBase"]
[SourceDate "2014.11.20"]
[SourceVersion "1"]
[SourceVersionDate "2014.11.20"]
[SourceQuality "1"]
[WhiteTeam "Trakovice SK"]
[BlackTeam "Trnava Modranka II"]
[WhiteTeamCountry "SVK"]
[BlackTeamCountry "SVK"]

1. e4 e5 2. Nf3 Nc6 3. Bc4 h6 4. c3 d6 5. d4 Bg4 6. d5 Nce7 7. a3 Bh5 8. g4 Bg6 9. Bd3 Nf6 10. Nh4 Bxe4 11. Bxe4 Nxe4 12. Qa4+ c6 13. Qxe4 Nxd5 14. Nf5 g6 15. Ng3 Qh4 16. Nd2 Bg7 17. Nf3 Qe7 18. Bd2 Rf8 19. 0-0-0 f5 20. gxf5 gxf5 21. Nxf5 1-0

[Event "SVK-chT3A2 1213"]
[Site "Slovakia"]
[Date "2012.12.09"]
[Round "5.1"]
[White "Zarecky, Eduard"]
[Black "Ocko, Martin"]
[Result "1-0"]
[WhiteElo "1933"]
[BlackElo "1661"]
[PlyCount "76"]
[EventDate "2012.10.07"]
[EventType "team-tourn"]
[EventRounds "11"]
[EventCountry "SVK"]
[SourceTitle "EXT 2015"]
[Source "ChessBase"]
[SourceDate "2014.11.20"]
[SourceVersion "1"]
[SourceVersionDate "2014.11.20"]
[SourceQuality "1"]
[WhiteTeam "Trnava Modranka"]
[BlackTeam "Senica CVC"]
[WhiteTeamCountry "SVK"]
[BlackTeamCountry "SVK"]

1. d4 Nf6 2. c4 g6 3. Nf3 Bg7 4. Nc3 0-0 5. e4 d6 6. Be2 Nbd7 7. 0-0 e5 8. Bg5 h6 9. Bh4 Re8 10. Qc2 g5 11. Bg3 exd4 12. Nxd4 Nxe4 13. Nf5 Nxc3 14. bxc3 Nf6 15. Nxg7 Kxg7 16. f3 Bd7 17. Bd3 Bc6 18. Rad1 a5 19. Qc1 a4 20. a3 Nh5 21. Bb1 Nxg3 22. hxg3 Qd7 23. Qc2 Rh8 24. c5 Qe6 25. Rfe1 Qf6 26. cxd6 cxd6 27. Rd4 Rae8 28. Red1 Rd8 29. c4 Qe7 30. Qd3 Qe5 31. f4 Qc5 32. Kh2 Rde8 33. Qc3 Kg8 34. Rxd6 Qf2 35. R1d2 Qc5 36. Rd8 g4 37. f5 Qe7 38. Qd4 Rxd8 1-0

[Event "SVK-chT4 A22 1213"]
[Site "Slovakia"]
[Date "2012.11.11"]
[Round "3.1"]
[White "Kalmar, Tamas"]
[Black "Zarecky, Eduard"]
[Result "1-0"]
[WhiteElo "1920"]
[BlackElo "1933"]
[PlyCount "120"]
[EventDate "2012.10.14"]
[EventType "team-tourn"]
[EventRounds "11"]
[EventCountry "SVK"]
[SourceTitle "EXT 2015"]
[Source "ChessBase"]
[SourceDate "2014.11.20"]
[SourceVersion "1"]
[SourceVersionDate "2014.11.20"]
[SourceQuality "1"]
[WhiteTeam "Potonska Veza II"]
[BlackTeam "Trnava Modranka II"]
[WhiteTeamCountry "SVK"]
[BlackTeamCountry "SVK"]

1. d4 d5 2. c4 e6 3. Nc3 c6 4. Nf3 Bb4 5. e3 Nf6 6. Bd2 0-0 7. a3 Bd6 8. Bd3 Re8 9. 0-0 Nbd7 10. Qc2 dxc4 11. Bxc4 e5 12. Ng5 Re7 13. Nce4 Nxe4 14. Nxe4 Bc7 15. Bb4 c5 16. dxc5 a5 17. Bc3 Nf8 18. Rfd1 Qe8 19. Nd6 Qc6 20. b4 Bxd6 21. Rxd6 Qc7 22. Rad1 Bg4 23. Be2 Bxe2 24. Qxe2 axb4 25. axb4 Nd7 26. Qd3 Nf6 27. Rd8+ Re8 28. Rxe8+ Rxe8 29. Qd6 Qxd6 30. Rxd6 Ne4 31. Rd3 Nxc3 32. Rxc3 f5 33. e4 g6 34. Kf1 Kf7 35. Ke2 Ra8 36. Kd3 Ke6 37. f3 Kd7 38. Kc4 Ra2 39. exf5 gxf5 40. Rd3+ Ke7 41. Rd6 e4 42. fxe4 fxe4 43. Kd4 Rxg2 44. Rh6 Rg7 45. Rb6 Kd8 46. Kxe4 Kc8 47. Kf4 Kd8 48. h4 h5 49. Kf5 Kc8 50. Rg6 Rd7 51. Kg5 Rd5+ 52. Kh6 Rd4 53. Kxh5 Rxb4 54. Rg4 Rb5 55. Rg5 Rb4 56. Re5 Rb5 57. Kg6 Kd7 58. h5 b6 59. c6+ Kxc6 60. Rxb5 Kxb5 1-0

[Event "SVK-chT4 A22 1213"]
[Site "Slovakia"]
[Date "2012.10.14"]
[Round "1.1"]
[White "Liptak, Tomas"]
[Black "Zarecky, Eduard"]
[Result "1-0"]
[WhiteElo "2082"]
[BlackElo "1933"]
[PlyCount "81"]
[EventDate "2012.10.14"]
[EventType "team-tourn"]
[EventRounds "11"]
[EventCountry "SVK"]
[SourceTitle "EXT 2015"]
[Source "ChessBase"]
[SourceDate "2014.11.20"]
[SourceVersion "1"]
[SourceVersionDate "2014.11.20"]
[SourceQuality "1"]
[WhiteTeam "Cifer II"]
[BlackTeam "Trnava Modranka II"]
[WhiteTeamCountry "SVK"]
[BlackTeamCountry "SVK"]

1. e4 e5 2. Nf3 d6 3. c3 Nf6 4. Bd3 Bg4 5. 0-0 Nc6 6. h3 Bd7 7. Re1 Be7 8. Bc2 0-0 9. d4 Re8 10. d5 Na5 11. b4 Nc4 12. Bd3 Nb6 13. Be3 Na4 14. Qb3 b5 15. Nbd2 a6 16. c4 c6 17. dxc6 Bxc6 18. Rac1 Nd7 19. Rc2 Rf8 20. Rec1 Rb8 21. cxb5 Bxb5 22. Bxb5 axb5 23. Qd3 Qe8 24. Nb3 Ndb6 25. Na5 Rc8 26. Rc6 Rxc6 27. Nxc6 Nc4 28. Qd5 Na3 29. Qb3 Nc4 30. Rxc4 bxc4 31. Qxa4 c3 32. b5 Bd8 33. Qb3 d5 34. Qxd5 Bc7 35. Qc4 Qe6 36. Qxc3 Bd6 37. a4 Qa2 38. Qd3 Bb8 39. Bc5 Qa1+ 40. Kh2 Re8 41. Qd7 1-0

[Event "SVK-chT3A2 1011"]
[Site "Slovakia"]
[Date "2010.11.28"]
[Round "4.6"]
[White "Zarecky, Eduard"]
[Black "Vach, Jozef"]
[Result "1/2-1/2"]
[WhiteElo "1968"]
[BlackElo "1900"]
[PlyCount "88"]
[EventDate "2010.10.17"]
[EventType "team-tourn"]
[EventRounds "11"]
[EventCountry "SVK"]
[SourceTitle "EXT 2012"]
[Source "ChessBase"]
[SourceDate "2011.11.24"]
[SourceVersion "1"]
[SourceVersionDate "2011.11.24"]
[SourceQuality "1"]
[WhiteTeam "Trnava Modranka"]
[BlackTeam "Skalica"]
[WhiteTeamCountry "SVK"]
[BlackTeamCountry "SVK"]

1. d4 d5 2. c4 e6 3. a3 Nf6 4. c5 Be7 5. Nf3 0-0 6. e3 c6 7. Nc3 Nbd7 8. b4 Qc7 9. Bb2 e5 10. dxe5 Nxe5 11. Nxe5 Qxe5 12. Na4 Qc7 13. Bd3 Be6 14. Bd4 Qd7 15. Qc2 h6 16. Rd1 Qc7 17. Nc3 Rac8 18. Ne2 Nd7 19. Nf4 Bf6 20. Bf5 Bxf5 21. Qxf5 Bxd4 22. Rxd4 Nf6 23. 0-0 Rfe8 24. Qd3 Re4 25. Ne2 Rce8 26. Ng3 Rxd4 27. Qxd4 Qe5 28. Rd1 Ne4 29. Nxe4 Qxe4 30. Kf1 Re6 31. Qxe4 Rxe4 32. Ke2 f5 33. Rd4 Re7 34. h4 Re4 35. Kd3 Kf7 36. f3 Re7 37. e4 dxe4+ 38. fxe4 fxe4+ 39. Rxe4 Re6 40. g4 g5 41. hxg5 hxg5 42. a4 Rxe4 43. Kxe4 Ke6 44. Kd4 Kf6 1/2-1/2

[Event "SVK-chT2A 0910"]
[Site "Slovakia"]
[Date "2009.12.12"]
[Round "5.7"]
[White "Zarecky, Eduard"]
[Black "Pericka, Tomas"]
[Result "1-0"]
[WhiteElo "1947"]
[BlackElo "1910"]
[PlyCount "81"]
[EventDate "2009.10.10"]
[EventType "team-tourn"]
[EventRounds "11"]
[EventCountry "SVK"]
[SourceTitle "EXT 2011"]
[Source "ChessBase"]
[SourceDate "2010.11.26"]
[SourceVersion "1"]
[SourceVersionDate "2010.11.26"]
[SourceQuality "1"]
[WhiteTeam "Trnava Modranka"]
[BlackTeam "Osuske"]
[WhiteTeamCountry "SVK"]
[BlackTeamCountry "SVK"]

1. d4 Nf6 2. c4 e6 3. Nc3 Bb4 4. Bd2 0-0 5. Nf3 d5 6. e3 c6 7. a3 Bxc3 8. Bxc3 Ne4 9. Qc2 Nd7 10. Bd3 f5 11. c5 b6 12. b4 Bb7 13. Bb2 Qc8 14. Qe2 a5 15. 0-0 Ba6 16. Ne1 Bxd3 17. Nxd3 b5 18. f3 Nef6 19. Qe1 Qc7 20. Qh4 Ra7 21. Rae1 axb4 22. Nxb4 Raa8 23. Qf4 Rac8 24. Nd3 Qxf4 25. exf4 Kf7 26. Rf2 Ra8 27. Rfe2 Rfe8 28. Nb4 Nb8 29. Ra1 Re7 30. Nd3 Ne8 31. Kf2 Rea7 32. Rae1 Nc7 33. g4 g6 34. h4 Ra4 35. h5 Ke7 36. hxg6 hxg6 37. Rh1 Nd7 38. Rh7+ Ke8 39. g5 Rc8 40. Rh8+ Nf8 41. Ne5 1-0

[Event "SVK-chT3A2 0809"]
[Site "Slovakia"]
[Date "2009.03.01"]
[Round "8.6"]
[White "Zarecky, Eduard"]
[Black "Vogl, Zdenek"]
[Result "1-0"]
[WhiteElo "1948"]
[BlackElo "1885"]
[PlyCount "99"]
[EventDate "2008.10.19"]
[EventType "team-tourn"]
[EventRounds "11"]
[EventCountry "SVK"]
[SourceTitle "EXT 2010"]
[Source "ChessBase"]
[SourceDate "2010.11.25"]
[SourceVersion "1"]
[SourceVersionDate "2010.11.25"]
[SourceQuality "1"]
[WhiteTeam "Trnava Modranka"]
[BlackTeam "Skalica"]
[WhiteTeamCountry "SVK"]
[BlackTeamCountry "SVK"]

1. d4 Nc6 2. c4 e6 3. Nc3 Bb4 4. Nf3 d5 5. e3 Nf6 6. a3 Bxc3+ 7. bxc3 Ne4 8. Qc2 0-0 9. Bd3 f5 10. 0-0 b6 11. cxd5 exd5 12. c4 Be6 13. cxd5 Bxd5 14. Bc4 Rf6 15. Bb2 Rg6 16. Rad1 h5 17. Qb3 Bxc4 18. Qxc4+ Kh7 19. d5 Rd6 20. Rc1 Ne7 21. Qxc7 Rxd5 22. Qxd8 Raxd8 23. Rc7 R8d7 24. Rxd7 Rxd7 25. Rc1 Nc5 26. h4 Rd5 27. Bd4 Nc6 28. Kf1 Nd8 29. Ke2 Nde6 30. Ng5+ Nxg5 31. hxg5 Ne6 32. Kd3 Ra5 33. Bb2 f4 34. Rc6 Nxg5 35. exf4 Nf7 36. Rc7 Kg8 37. Rc8+ Kh7 38. Rc7 Kg8 39. f3 h4 40. Rd7 Rb5 41. Kc2 Ra5 42. Kb3 Rf5 43. Rxa7 Rxf4 44. Ra4 Rf5 45. Rxh4 Rb5+ 46. Rb4 Rg5 47. g4 b5 48. Rd4 Kh7 49. Rd7 Kg6 50. f4 1-0

[Event "SVK-chT3A2 0809"]
[Site "Slovakia"]
[Date "2009.02.08"]
[Round "7.6"]
[White "Takacs, Laszlo"]
[Black "Zarecky, Eduard"]
[Result "1-0"]
[WhiteElo "1726"]
[BlackElo "1948"]
[PlyCount "47"]
[EventDate "2008.10.19"]
[EventType "team-tourn"]
[EventRounds "11"]
[EventCountry "SVK"]
[SourceTitle "EXT 2010"]
[Source "ChessBase"]
[SourceDate "2010.11.25"]
[SourceVersion "1"]
[SourceVersionDate "2010.11.25"]
[SourceQuality "1"]
[WhiteTeam "Dunajska Streda SK III"]
[BlackTeam "Trnava Modranka"]
[WhiteTeamCountry "SVK"]
[BlackTeamCountry "SVK"]

1. e4 e5 2. Nf3 d6 3. d4 Nc6 4. Bb5 exd4 5. Nxd4 Bd7 6. c4 a6 7. Bxc6 bxc6 8. Nc3 g6 9. 0-0 Bg7 10. Re1 Ne7 11. Bg5 f6 12. Be3 c5 13. Nb3 0-0 14. Qd2 Be6 15. Nd5 Nc6 16. Rad1 Ne5 17. Qc2 Bxd5 18. exd5 Qd7 19. h3 Rae8 20. Nd2 Rf7 21. f4 Rfe7 22. fxe5 Rxe5 23. Bf2 f5 24. Nf3 1-0

[Event "SVK-chT3A2 0809"]
[Site "Slovakia"]
[Date "2009.01.11"]
[Round "5.6"]
[White "Szabo, Julius1"]
[Black "Zarecky, Eduard"]
[Result "0-1"]
[WhiteElo "1761"]
[BlackElo "1948"]
[PlyCount "52"]
[EventDate "2008.10.19"]
[EventType "team-tourn"]
[EventRounds "11"]
[EventCountry "SVK"]
[SourceTitle "EXT 2010"]
[Source "ChessBase"]
[SourceDate "2010.11.25"]
[SourceVersion "1"]
[SourceVersionDate "2010.11.25"]
[SourceQuality "1"]
[WhiteTeam "Velky Meder MSK Thermal"]
[BlackTeam "Trnava Modranka"]
[WhiteTeamCountry "SVK"]
[BlackTeamCountry "SVK"]

1. Nf3 Nc6 2. b3 Nf6 3. Bb2 d5 4. e3 g6 5. Bb5 Bd7 6. c4 a6 7. Bxc6 Bxc6 8. Ne5 Qd6 9. Nxc6 Qxc6 10. Qf3 Rd8 11. 0-0 Qe6 12. Rd1 Bg7 13. cxd5 Qxd5 14. Qxd5 Rxd5 15. e4 Rd3 16. e5 Nd5 17. Na3 0-0 18. Kf1 Rd8 19. Rac1 Bh6 20. Nc4 b5 21. Ne3 Bxe3 22. dxe3 Nxe3+ 23. Ke2 Nxd1 24. Ba3 Nc3+ 25. Ke1 Rd1+ 26. Rxd1 Rxd1# 0-1

[Event "SVK-chT3A2 0809"]
[Site "Slovakia"]
[Date "2008.12.14"]
[Round "4.6"]
[White "Zarecky, Eduard"]
[Black "Filip, Frantisek"]
[Result "1-0"]
[WhiteElo "1948"]
[BlackElo "1853"]
[PlyCount "57"]
[EventDate "2008.10.19"]
[EventType "team-tourn"]
[EventRounds "11"]
[EventCountry "SVK"]
[SourceTitle "EXT 2010"]
[Source "ChessBase"]
[SourceDate "2010.11.25"]
[SourceVersion "1"]
[SourceVersionDate "2010.11.25"]
[SourceQuality "1"]
[WhiteTeam "Trnava Modranka"]
[BlackTeam "Hlohovec SK Zentiva III"]
[WhiteTeamCountry "SVK"]
[BlackTeamCountry "SVK"]

1. d4 Nf6 2. c4 e6 3. Nc3 h6 4. e4 Bb4 5. Qc2 c5 6. d5 d6 7. Bd2 a6 8. Nf3 Nbd7 9. Bd3 e5 10. 0-0 Nf8 11. a3 Bxc3 12. Bxc3 Ng6 13. Rfe1 0-0 14. b4 b6 15. a4 Qd7 16. a5 b5 17. bxc5 dxc5 18. Nxe5 Nxe5 19. Bxe5 Ng4 20. Bb2 f6 21. f4 h5 22. h3 Nh6 23. Re3 b4 24. Rf1 Qd8 25. e5 f5 26. e6 Ra7 27. Qe2 Re7 28. Qxh5 Bxe6 29. dxe6 1-0

[Event "SVK-chT3A2 0809"]
[Site "Slovakia"]
[Date "2008.11.22"]
[Round "2.6"]
[White "Zajicek, Ferdinand"]
[Black "Zarecky, Eduard"]
[Result "1/2-1/2"]
[WhiteElo "1946"]
[BlackElo "1948"]
[PlyCount "80"]
[EventDate "2008.10.19"]
[EventType "team-tourn"]
[EventRounds "11"]
[EventCountry "SVK"]
[SourceTitle "EXT 2010"]
[Source "ChessBase"]
[SourceDate "2010.11.25"]
[SourceVersion "1"]
[SourceVersionDate "2010.11.25"]
[SourceQuality "1"]
[WhiteTeam "Gbely Nafta"]
[BlackTeam "Trnava Modranka"]
[WhiteTeamCountry "SVK"]
[BlackTeamCountry "SVK"]

1. e4 e5 2. Nf3 d6 3. Nc3 Nc6 4. Bc4 Na5 5. Be2 Nf6 6. d4 exd4 7. Nxd4 Be7 8. 0-0 0-0 9. Be3 Bd7 10. Nf3 Ng4 11. Qd2 Nxe3 12. Qxe3 Bf6 13. Qd2 b6 14. Rab1 g6 15. Rfd1 Be6 16. Nd5 Bg7 17. b4 Nb7 18. Ba6 Rb8 19. Nd4 Bd7 20. Nc3 Qf6 21. Ncb5 c6 22. Nxa7 Nd8 23. b5 Ra8 24. Naxc6 Bxc6 25. Nxc6 Nxc6 26. Bb7 Rxa2 27. Bxc6 Rd8 28. Qd3 Qc3 29. Qxc3 Bxc3 30. Rd3 Rxc2 31. Rbd1 Kf8 32. f4 f6 33. Rxd6 Rxd6 34. Rxd6 Rd2 35. Rxd2 Bxd2 36. g3 g5 37. fxg5 Bxg5 38. Kg2 Ke7 39. Kf3 Ke6 40. Kg4 h6 1/2-1/2